Biblioteca y Centro de Documentación

Determinantes de la participación de los trabajadores en los planes privados de pensiones en la UE (Registro nro. 46365)

Detalles MARC
000 -CABECERA
Longitud fija campo de control 01321naa a2200289 c 4500
001 - NÚMERO DE CONTROL
Número de control 46365
003 - IDENTIFICADOR DE NÚMERO DE CONTROL
Identificador del número de control ES-MaCES
005 - FECHA Y HORA DE LA ÚLTIMA TRANSACCIÓN
Fecha y hora de la última transacción 20181008114955.0
008 - CAMPO FIJO DE DESCRIPCIÓN FIJA--INFORMACIÓN GENERAL
Códigos de información de longitud fija   150909s2015 sp ||||| t||||||| ||spa d
040 ## - FUENTE DE CATALOGACIÓN
Centro catalogador de origen ES-MaCES
Lengua de catalogación spa
Centro transcriptor ES-MaCES
Centro modificado ES-MaCES
100 1# - ENCABEZAMIENTO PRINCIPAL--NOMBRE PERSONAL
9 (RLIN) 11906
Nombre de persona Fernández Macías, Enrique
245 10 - MENCIÓN DE TÍTULO
Título Determinantes de la participación de los trabajadores en los planes privados de pensiones en la UE
Resto del título = Determinants of workers' participation in private pensions plans in the EU
Mención de responsabilidad, etc. Enrique Fernández Macías, José Ignacio Antón Pérez, Rafael Muñoz de Bustillo
500 ## - NOTA GENERAL
Nota general Resumen
504 ## - NOTA DE BIBLIOGRAFÍA, ETC.
Nota de bibliografía, etc. Bibliografía: p. 287-288
650 #4 - ASIENTO SECUNDARIO DE MATERIA--TÉRMINO DE MATERIA
9 (RLIN) 30260
Término de materia o nombre geográfico como elemento inicial régimen privado de pensión
650 #4 - ASIENTO SECUNDARIO DE MATERIA--TÉRMINO DE MATERIA
9 (RLIN) 30257
Término de materia o nombre geográfico como elemento inicial acumulación de prestaciones
650 #4 - ASIENTO SECUNDARIO DE MATERIA--TÉRMINO DE MATERIA
9 (RLIN) 30264
Término de materia o nombre geográfico como elemento inicial administración de la seguridad social
650 #4 - ASIENTO SECUNDARIO DE MATERIA--TÉRMINO DE MATERIA
9 (RLIN) 30466
Término de materia o nombre geográfico como elemento inicial protección complementaria
650 #4 - ASIENTO SECUNDARIO DE MATERIA--TÉRMINO DE MATERIA
9 (RLIN) 30668
Término de materia o nombre geográfico como elemento inicial reforma de la seguridad social
653 10 - TÉRMINO DE INDEXACIÓN--NO CONTROLADO
Término no controlado Seguridad Social
650 #4 - ASIENTO SECUNDARIO DE MATERIA--TÉRMINO DE MATERIA
9 (RLIN) 29020
Término de materia o nombre geográfico como elemento inicial país de la UE
700 1# - ENCABEZAMIENTO SECUNDARIO--NOMBRE PERSONAL
Nombre de persona Antón Pérez, José Ignacio
9 (RLIN) 6367
700 1# - ENCABEZAMIENTO SECUNDARIO--NOMBRE PERSONAL
9 (RLIN) 19366
Nombre de persona Muñoz de Bustillo, Rafael
773 0# - ENTRADA DE DOCUMENTO FUENTE
Itemnumber del ítem fuente 83323
Lugar, editor y fecha de publicación Murcia Laborum 2014-
Otro identificador del documento 086222
Título Revista de Derecho de la Seguridad Social
Número de control del registro relacionado (ES-MaCES)46201
Parte(s) relacionada(s) n. 2 (1er. trim. 2015) {55/1132 R. 086222} ;p. 263-288
902 ## - CES. TIPO DE DOCUMENTO
Tipodoc (006$c Sirtex) ART Artículo de revista
942 ## - ELEMENTOS KOHA
Fuente de clasificaión o esquema Clasificación propia del CES
Koha [por defecto] tipo de item Artículos (1982-2017)
Parte de clasificación Seguridad social

No hay ítems disponibles.

© CES, Consejo Económico y Social de España 2021